Heidegger, la introducción del nazismo en la filosofía (Record no. 178124)

MARC details
000 -LEADER
campo de control de longitud fija 01074nam a2200301 4500
001 - NÚMERO DE CONTROL
campo de control 178124
003 - IDENTIFICADOR DE NÚMERO DE CONTROL
campo de control ES-MaACL
005 - FECHA Y HORA DE LA ÚLTIMA TRANSACCIÓN
campo de control 20240306142525.0
008 - DATOS DE LONGITUD FIJA--INFORMACIÓN GENERAL
campo de control de longitud fija 110518s2009 sp |||| | spa d
020 ## - NÚMERO INTERNACIONAL ESTÁNDAR DEL LIBRO
Número Internacional Estándar del Libro 978-84-460-2584-9
080 ## - NÚMERO DE LA CLASIFICACIÓN DECIMAL UNIVERSAL
Número de la Clasificación Decimal Universal 1 Heidegger, Martin :32
080 ## - NÚMERO DE LA CLASIFICACIÓN DECIMAL UNIVERSAL
Número de la Clasificación Decimal Universal 329.18(430)
100 1# - ENTRADA PRINCIPAL--NOMBRE DE PERSONA
Nombre de persona Faye, Emmanuel.
9 (RLIN) 146604
245 10 - MENCIÓN DEL TÍTULO
Título Heidegger, la introducción del nazismo en la filosofía
Resto del título : en torno a los seminarios inéditos de 1933-1935 /
Mención de responsabilidad, etc. Emmanuel Faye ; traducción de Óscar Moro Abadía.
260 ## - PUBLICACIÓN, DISTRIBUCIÓN, ETC.
Lugar de publicación, distribución, etc. Tres Cantos, Madrid :
Nombre del editor, distribuidor, etc. Akal,
Fecha de publicación, distribución, etc. [2009]
300 ## - DESCRIPCIÓN FÍSICA
Extensión 574 p. ;
Dimensiones 22 cm.
490 1# - MENCIÓN DE SERIE
Mención de serie Nuestro tiempo ;
Designación de volumen o secuencia 10
500 ## - NOTA GENERAL
Nota general Anexos.
500 ## - NOTA GENERAL
Nota general Índice onomástico.
504 ## - NOTA DE BIBLIOGRAFÍA, ETC.
Nota de bibliografía, etc. Bibliografía: p. 543-566.
600 17 - PUNTO DE ACCESO ADICIONAL DE MATERIA--NOMBRE DE PERSONA
Nombre de persona Heidegger, Martin-
Subdivisión general Pensamiento político.
9 (RLIN) 146605
650 #4 - PUNTO DE ACCESO ADICIONAL DE MATERIA--TÉRMINO DE MATERIA
Término de materia o nombre geográfico como elemento de entrada Nacionalsocialismo
9 (RLIN) 15470
830 0# - PUNTO DE ACCESO ADICIONAL DE SERIE-TÍTULO UNIFORME
Título uniforme Nuestro tiempo ;
Designación de volumen o secuencia 10
9 (RLIN) 224253
852 ## - LOCALIZACIÓN
Ubicación ES-MaACL
itemnumber 184983
Sublocalización o colección R.145740
Número de control de estantería A-11200
Signatura antigua Olim: N-4204
Ubicación en estantería Depósito 1
942 ## - ELEMENTOS DE ENTRADA SECUNDARIOS (KOHA)
Fuente del sistema de clasificación o colocación Clasificación decimal universal
Tipo de ítem Koha Libro impreso
Holdings
Estatus retirado Estado de pérdida Fuente del sistema de clasificación o colocación Estado de daño No para préstamo Biblioteca de origen Biblioteca actual Ubicación en estantería Fecha de adquisición Fuente de adquisición Total de préstamos Signatura topográfica completa Código de barras Visto por última vez Precio de reemplazo Tipo de ítem Koha
    Clasificación decimal universal     Biblioteca del Ateneo de Madrid Biblioteca del Ateneo de Madrid Depósito 1 18/05/2011 Compra   A-11200 1187117 23/02/2023 23/02/2023 Libro impreso